000 00257nam a2200109Ia 4500
008 220204s9999 xx 000 0 und d
082 _a82-3
_bTOL.2
100 _aToltoy, L N
245 0 _aWar and peace. V 2
260 _aEngland
_bPenguin
_c1978
942 _cBK
999 _c33046
_d33046